| 000 | 00646nam a2200217 a 4500 | ||
|---|---|---|---|
| 001 | 000013102 | ||
| 005 | 20240412074237.0 | ||
| 008 | 091120s2003 dr 000 f spa d | ||
| 020 | _a9993403423 | ||
| 040 |
_aDO-SdBNP _bspa _cBNPHU |
||
| 082 |
_aRD863.44 _bS787m, 2003 |
||
| 100 | 1 |
_aStanley, Avelino, _d1959- _91536 |
|
| 245 | 1 | 3 |
_aLa máscara del tiempo / _cAvelino Stanley. |
| 250 | _a3a ed. | ||
| 260 |
_aSanto Domingo : _bCocolo, _c2003. |
||
| 300 |
_a98 p. ; _c22 cm. |
||
| 590 | _aInventariado, 2018/BT | ||
| 650 | 0 |
_aCuentos dominicanos _9176 |
|
| 650 | 0 |
_aLiteratura dominicana. _967 |
|
| 910 | _aValidado. Control de calidad. MMOLINA | ||
| 999 |
_c12744 _d12744 |
||